Lapin kuntien vaakunat 2025 (keltainen laatikko) - Statistics

Yleistilastot
  • Tätä visaa on pelattu 167 kertaa
    155 viimeisimmän päivityksen jälkeen
  • Keskiarvotulos 16 / 21
Vastaustilastot
Kuvavisa Vastaus % Oikein
Inari
85%
Kemi
85%
Tornio
85%
Enontekiö
84%
Rovaniemi
84%
Keminmaa
79%
Kittilä
79%
Salla
78%
Posio
76%
Savukoski
76%
Simo
76%
Kemijärvi
75%
Sodankylä
75%
Tervola
72%
Ylitornio
72%
Muonio
71%
Utsjoki
71%
Kolari
69%
Ranua
69%
Pelkosenniemi
68%
Pello
68%
Ehtoja vastaavia visoja ei löytynyt
Tulosjakauma
Jokaisen tuloksen saaneiden osuus
Persentiili vastausten määrän mukaan
Tuloshistoriasi
Et ole pelannut tätä visaa sen viimeisimmän päivityksen jälkeen